000 00489nam a22001697a 4500
999 _c40899
_d40899
003 OSt
005 20200817111815.0
008 200817b ||||| |||| 00| 0 eng d
040 _coclc
082 _a546
_bPUR/P
100 _aPuri, B R
245 _aPrinciples Of Inorganic Chemistry /
_cB R Puri ; L R Sharma ; K C Kalia
250 _a31st Ed.
260 _aDelhi:
_bMilestone Publishers,
_c2011.
300 _a1168p
942 _cBK
_2ddc
_h546
_iPUR/P
_k546
_mPUR/P